000
00264nam a22001217a 4500
008
170328b xxu||||| |||| 00| 0 eng d
041
_a
eng
080
_2
7 ED
_a
615.83
100
_a
8
101
_a
SHM
245
_a
APPLIED THERAPEUTICS
_c
KODA.M.A
942
_2
udc
_c
BK
999
_c
8838
_d
8838